Entry Nombre personal
001 - NÚMERO DE CONTROL
- campo de control: 235040
003 - IDENTIFICADOR DE NÚMERO DE CONTROL
- campo de control: SpMaBN
005 - FECHA Y HORA DE LA ÚLTIMA TRANSACCIÓN
- campo de control: 20240214212750.0
008 - ELEMENTOS DE DATO DE LONGITUD-FIJA
- campo de control de longitud fija: 141117n|#azznnaabn |n aaa ##
010 ## - NÚMERO DE CONTROL DE LA BIBLIOTECA DEL CONGRESO
- Número de control de LC: XX5442257
024 7# - IDENTIFICADOR DE OTROS ESTÁNDARES
- Número estándar o código: http://viaf.org/viaf/311588579/
- Fuente: viaf
040 ## - FUENTE DE CATALOGACIÓN
- Centro catalogador/agencia de origen: SpMaBN
- Lengua de catalogación: spa
- Centro/agencia transcriptor: SpMaBN
- Normas de descripción: rdc
- Convención/Normas de encabezamiento de materia/tesauro: embne
046 ## - FECHAS CON CODIFICACIÓN ESPECIAL
- Fecha de nacimiento: 1965
100 1# - ENCABEZAMIENTO-NOMBRE DE PERSONA
- Nombre de persona: Miravalls, Antonio,
- Fechas asociadas al nombre: 1965-
375 ## - GÉNERO/SEXO
- Género: Masculino
670 ## - FUENTE DE DATOS ENCONTRADOS
- Cita de la fuente: La condición del tordo, 2014
- Información encontrada: port. (Antonio Miravalls) solapa (n. 1965, Madrid; periodista, crítico de cine, guionista; autor literario, novela)
